000 00686cam a22002295a 4500
001 17935384
005 20160523112432.0
008 131108t2014 enka frb 001 0 eng d
020 _a9781447155522
040 _aDLC
_beng
_cDLC
_dEG-ScBUE
082 0 4 _222
_a615.9
_bINT
245 0 3 _aAn introduction to toxicology /
_c[edited by] Philip C. Burcham.
260 _aLondon :
_bSpringer-Verlag,
_cc.2014.
300 _axvi, 327 p. :
_bill. ;
_c24 cm.
500 _aIndex : p. 317-327.
504 _aIncludes bibliographical references.
650 7 _2BUEsh
_aToxicology.
_940066
651 _2BUEsh
653 _bPPhrm
_cMay2016
700 1 _aBurcham, Philip C.,
_eeditor.
942 _2ddc
999 _c21797
_d21769